000 01256cam a22003614a 4500
001 13606208
003 OSt
005 20211108154733.0
008 040526s2005 iaua 001 0 eng
010 _a 2004053055
020 _a9780078307225
038 _akhadija
040 _aDLC
_cDLC
_dDLC
042 _apcc
050 0 0 _aTJ1185
_b.K668 2005
082 0 0 _a621.902
_222
_bKRA
100 1 _aKrar, Stephen F.
_936236
245 1 0 _aTechnology of machine tools, 6e /
_cSteve F. Krar, Arthur R. Gill, Peter Smid.
250 _a6th ed.
260 _aDubuque, IA :
_bMcGraw-Hill,
_c2005.
300 _axi, 918 p. :
_bill. ;
_c28 cm.
500 _aIncludes index.
563 _aHardcover
650 0 _aMachine-tools.
_925078
650 0 _aMachine-shop practice.
_936237
700 1 _aGill, Arthur,
_d1930-
_936238
700 1 _aSmid, Peter.
_936239
856 4 2 _3Publisher description
_uhttp://www.loc.gov/catdir/description/mh051/2004053055.html
856 4 1 _3Table of contents
_uhttp://www.loc.gov/catdir/toc/mh041/2004053055.html
906 _a7
_bcbc
_corignew
_d1
_eocip
_f20
_gy-gencatlg
942 _2ddc
_cBK
999 _c31637
_d31637